00361 a2200109 4500001001000000005001700010008004100027245007500068100002300143773006800166999001700234ART_1234020260410161905.0260409a 10aMaximun likelihood estimation of stochastic frontier production models1 aGreene, William H.0 tJournal of econometricsg- Vol. 18, NÂș 2 (feb. 1982)wREV11720 c26288d26288